Random Countries and Capitals by flag - Europe - Statistics

General Stats
  • This quiz has been taken 12 times
  • The average score is 44 of 45
Answer Stats
Picture Answer % Correct
Albania Tirana
100%
Andorra Andorra la Vella
100%
Austria Vienna
100%
Belarus Minsk
100%
Belgium Brussels
100%
Bosnia & Herzegovina Sarajevo
100%
Bulgaria Sofia
100%
Croatia Zagreb
100%
Czech Republic Prague
100%
Denmark Copenhagen
100%
Estonia Tallinn
100%
Finland Helsinki
100%
France Paris
100%
Germany Berlin
100%
Greece Athens
100%
Hungary Budapest
100%
Ireland Dublin
100%
Italy Rome
100%
Latvia Riga
100%
Lithuania Vilnius
100%
Luxembourg Luxembourg
100%
Monaco Monaco
100%
Netherlands Amsterdam
100%
Norway Oslo
100%
Poland Warsaw
100%
Portugal Lisbon
100%
Romania Bucharest
100%
Russia Moscow
100%
San Marino San Marino
100%
Serbia Belgrade
100%
Slovakia Bratislava
100%
Slovenia Ljubljana
100%
Spain Madrid
100%
Sweden Stockholm
100%
Switzerland Bern
100%
United Kingdom London
100%
Iceland Reykjavik
91%
Kosovo Pristina
91%
Liechtenstein Vaduz
91%
Malta Valletta
91%
Montenegro Podgorica
91%
North Macedonia Skopje
91%
Moldova Chisinau
82%
Ukraine Kyiv
82%
Vatican City Vatican
82%
No matching quizzes found
Score Distribution
Percent of People with Each Score
Percentile by Number Answered
Your Score History
You have not taken this quiz